header

Tracking global demand for advanced economy sovereign debt (Record no. 65455)

MARC details
000 -LEADER
fixed length control field 01270nam a2200313Ia 4500
100 1# - MAIN ENTRY--AUTHOR NAME
Personal name Arslanalp, Serkam,
245 10 - TITLE STATEMENT
Title Tracking global demand for advanced economy sovereign debt
260 ## - PUBLICATION, DISTRIBUTION, ETC. (IMPRINT)
Place of publication Washington, D.C. :
Name of publisher International Monetary Fund,
Year of publication c2012.
300 ## - PHYSICAL DESCRIPTION
Number of Pages 61 p.
490 0# - SERIES STATEMENT
Series statement IMF working paper ;
650 #0 - SUBJECT ADDED ENTRY--TOPICAL TERM
Topical Term Debts, Public
Topical Term Finance, Public
700 1# - ADDED ENTRY--PERSONAL NAME
Personal name Tsuda, Takahiro.
856 40 - ELECTRONIC LOCATION AND ACCESS
Uniform Resource Identifier http://site.ebrary.com/lib/rucke/Doc?id=10661223

No items available.

© 2026 Rongo University
Contact us: librarian | system librarian | Rongo university